| 000 -LEADER | |
|---|---|
| fixed length control field | 00416nam a22001697a 4500 |
| 005 - DATE AND TIME OF LATEST TRANSACTION | |
| control field | 20180621095713.0 |
| 008 - FIXED-LENGTH DATA ELEMENTS--GENERAL INFORMATION | |
| fixed length control field | 160513b xxu||||| |||| 00| 0 eng d |
| 020 ## - INTERNATIONAL STANDARD BOOK NUMBER | |
| ISBN | 81-8054-695-2 |
| 041 ## - LANGUAGE CODE | |
| Language code of text/sound track or separate title | eng |
| 082 ## - DEWEY DECIMAL CLASSIFICATION NUMBER | |
| Item number | 2004 |
| Classification number | 658 |
| 100 ## - MAIN ENTRY--AUTHOR NAME | |
| Personal name | L.M. Prasad |
| 245 ## - TITLE STATEMENT | |
| Title | Principles and Practice of Management |
| 260 ## - PUBLICATION, DISTRIBUTION, ETC. (IMPRINT) | |
| Place of publication | New Delhi |
| Name of publisher | Sultan Chand & Sons. |
| 300 ## - PHYSICAL DESCRIPTION | |
| Number of Pages | 870 |
| 650 ## - SUBJECT ADDED ENTRY--TOPICAL TERM | |
| Topical Term | Management |
| 942 ## - ADDED ENTRY ELEMENTS (KOHA) | |
| Koha item type | Books |
| Lost status | Damaged status | Home library | Current library | Shelving location | Date acquired | Cost, normal purchase price | Full call number | Accession Number | Koha item type | Collection code |
|---|---|---|---|---|---|---|---|---|---|---|
| JRU Library | SHELF-17-C | 13/05/2016 | 315.00 | 658 | 2004 | Books | ||||
| JRU Library | SHELF-28-J | 13/05/2016 | 315.00 | 658 | 2005 | Books | Reference | |||
| JRU Library | SHELF-17-C | 13/05/2016 | 315.00 | 658 | 2006 | Books | ||||
| JRU Library | SHELF-17-C | 13/05/2016 | 315.00 | 658 | 2007 | Books | ||||
| JRU Library | SHELF-17-C | 13/05/2016 | 315.00 | 658 | 2008 | Books | ||||
| JRU Library | SHELF-17-C | 13/05/2016 | 315.00 | 658 | 2009 | Books | ||||
| JRU Library | SHELF-17-C | 13/05/2016 | 315.00 | 658 | 2010 | Books |